Can You Name Every Coaster to ever exist at Six Flags Great Adventure? - Statistics

General Stats
  • This quiz has been taken 11 times
  • The average score is 17 of 27
Answer Stats
Hint Answer % Correct
2006 El Toro
100%
2011 Green Lantern
100%
2016 Joker
100%
2005 Kingda Ka
100%
1989 Great American Scream Machine
89%
2021 Jersey Devil Coaster
89%
2001 Nitro
89%
1996 Skull Mountain
89%
1998 Batman and Robin: The Chiller
78%
1993 Batman The Ride
78%
1999 Harley Quinn Crazy Train
78%
2021 Lil Devil Coaster
78%
2003 Superman: Ultimate Flight
78%
2008 Dark Knight
67%
1999 Medusa
67%
1979 Rolling Thunder
67%
1974 Runaway Mine Train
67%
1995 Viper
56%
1986 Ultra Twister
44%
1978 Lightnin Loops
33%
1999 Road Runner Railway
33%
1984 Sarajevo Bobsled
33%
1990 Shockwave
33%
1976 Alpen Blitz
22%
1974 Big Fury
22%
1976 Lil Thunder
22%
1978 Wild Rider
22%
No matching quizzes found
Score Distribution
Percent of People with Each Score
Percentile by Number Answered
Your Score History
You have not taken this quiz